| 000 | 00907nam a2200229Ii 4500 | ||
|---|---|---|---|
| 003 | JO-AjNU | ||
| 008 | 230605s9999||||xx |||||||||||||| ||und|| | ||
| 017 | _a2010/5051 | ||
| 020 | _a978-977-379-076-2 | ||
| 040 |
_aJO-AjNU _bara _erda _cJO-AjNU |
||
| 041 | _aara | ||
| 050 | 1 | 4 | _aHG176.7.T38 2011 |
| 100 | 3 |
_aتوفيق، محب خلة, _eauthor _934008 |
|
| 245 | 0 | 0 | _aالهندسة المالية: الاطار النظري والتطبيقي لانشطة التمويل والاستثمار |
| 250 | _aط1 | ||
| 264 | 3 | 1 | _aالاسكندرية: دار الفكر الجامعي ، 2011 |
| 300 |
_a379ص _bيحتوي على ببلوغرافية من 373-379ص |
||
| 336 |
_atext _btxt _2rdacontent |
||
| 337 |
_aunmediated _bn _2rdamedia |
||
| 338 |
_avolume _bnc _2rdacarrier |
||
| 650 | 4 |
_aالإدارة المالية - التمويل - الاستثمار - جوانب اقتصادية _934009 |
|
| 999 |
_aA13899 _c17467 _d17467 |
||